Did Dolly Parton Record It? Sudden Death - Statistics

General Stats
  • This quiz has been taken 108 times
  • The average score is 5 of 10
Answers on the Grid
Answers color-coded by a green-red scale on the quiz's grid according to % correct below.
Jolene
Coat of Many Colors
Stand By Your Man
Coal Miner's Daughter
Stronger
9 to 5
Jeremiah was a Bullfrog
I Never Promised You a Rose Garden
Here You Come Again
Love is Like a Butterfly
Funny Face
I Don't Wanna Play House
Why Do Fools Fall in Love?
Two Doors Down
Heartbreaker
Close to You
Top of the World
Rainy Days and Mondays
I Will Always Love You
Heartbreak Hotel
Love Me Tender
The Bargain Store
It's All Wrong, But It's Alright
Can't Even Get the Blues
 
Answer Stats
Answer % Correct
Jolene
86%
9 to 5
81%
I Will Always Love You
66%
Here You Come Again
55%
Coat of Many Colors
52%
Love is Like a Butterfly
47%
Two Doors Down
34%
The Bargain Store
33%
It's All Wrong, But It's Alright
22%
Heartbreaker
19%
No matching quizzes found
Score Distribution
Percent of People with Each Score
Percentile by Number Answered
Your Score History
You have not taken this quiz